| 000 | 01021nam0a22002411i 4500 | ||
|---|---|---|---|
| 001 | rc\4026831 | ||
| 005 | 20240921181504.0 | ||
| 021 |
_aRU _b[56-29730] |
||
| 035 | _a(NLR Aleph) 007951783 | ||
| 090 |
_a8343722 _c8343722 |
||
| 100 | _a20130415d1956 |||y0rusy50 ca | ||
| 101 | 0 | _arus | |
| 102 | _aRU | ||
| 105 | _ay d ||||| | ||
| 200 | 1 |
_aСущность и формы заработной платы в социалистическом производстве СССР _e(По материалам пром-сти) _eАвтореферат дис. на соискание учен. степени кандидата экон. наук _fВысш. воен.-пед. ин-т им. М.И. Калинина |
|
| 210 |
_aЛенинград _d1956 |
||
| 215 |
_a23 с. _d20 |
||
| 700 | 1 |
_7ca _8rus _aГендлер _bГ. Х. _f1921- _gГригорий Хаимович _9207248 _3RU\NLR\AUTH\770207301 |
|
| 801 | 0 |
_aRU _bNLR _gpsbo |
|
| 801 | 1 |
_aRU _bELAR _2rusmarc |
|
| 852 |
_aNLR _jЭк40 Г-4/2430 |
||
| 942 | _cBOOK | ||